Nuevo pacto federal de armonización tributaria (Registro nro. 15907)

Detalles MARC
000 -LEADER
fixed length control field 00325 a2200109 4500
001 - CONTROL NUMBER
control field ART_45168
005 - DATE AND TIME OF LATEST TRANSACTION
control field 20260410161709.0
008 - FIXED-LENGTH DATA ELEMENTS--GENERAL INFORMATION
fixed length control field 260409a
100 1# - MAIN ENTRY--PERSONAL NAME
Personal name Spisso, Rodolfo Roque
245 10 - TITLE STATEMENT
Title Nuevo pacto federal de armonización tributaria
773 0# - HOST ITEM ENTRY
Title Revista Impuestos
Related parts - Nº 12 (dic. 2017)
Record control number REV639

No hay ítems disponibles.